01909nam a2200397 a 4500001001200000003000800012006001900020007001500039008004100054010001700095020003100112040002100143035002100164043001200185050002500197082002300222100002800245245010100273260005400374300002900428504006400457520034500521533015200866600003001018610005001048650003501098650004301133650003801176650003401214650003701248651003701285655002901322710001701351856012601368999001701494ebr10277752CaPaEBRm u cr cn|||||||||080107s2008 mouab sb s001 0beng  z 2007052626 z9780826217981 (alk. paper) aCaPaEBRcCaPaEBR a(OCoLC)315478405 an-us-mo14aF466.H86bR48 2008eb04a977.8/03092aB2221 aRhodes, Joel P.,d1967-12aA Missouri railroad pioneerh[electronic resource] :bthe life of Louis Houck /cJoel P. Rhodes. aColumbia :bUniversity of Missouri Press,cc2008. ax, 298 p. :bill., maps. aIncludes bibliographical references (p. 285-291) and index. a"Examines the life of a self-taught Cape Girardeau railroader whose network of more than five hundred miles of track transformed southeastern Missouri in the late nineteenth century. Louis Houck also helped establish the college now known as Southeast Missouri State University and wrote a noted history of Missouri"--Provided by publisher. aElectronic reproduction.bPalo Alto, Calif. :cebrary,d2013.nAvailable via World Wide Web.nAccess may be limited to ebrary affiliated libraries.10aHouck, Louis,d1840-1925.20aSoutheast Missouri State UniversityxHistory. 0aPioneerszMissourivBiography. 0aGerman AmericanszMissourivBiography. 0aBusinessmenzMissourivBiography. 0aRailroadszMissourixHistory. 0aHistorianszMissourivBiography. 0aCape Girardeau (Mo.)vBiography. 7aElectronic books.2local2 aebrary, Inc.40uhttp://site.ebrary.com/lib/rucke/Doc?id=10277752zAn electronic book accessible through the World Wide Web; click to view c20430d20430